Collatio totius theologiae inter maiores nostros, F. Alexandrum Alensem patriarcham theologorum, doctorem irrefragabilem, sanctum Bonaventuram doctorem seraphicum, F. Joannem Duns-Scotum doctorem subtilem. Ad mentem S. Augustini: sub magisterio Christi; interiore, per gratiam, exteriore, per ecclesiam / per F. Matthiam Hauzer, theologum franciscanum, provinciae Flandriae FF. Min. Recollectorum

Detalles Bibliográficos
Autor principal: Hauzeur, Matthias, O. F. M., 1589-1627
Otros Autores: Alexander of Hales, O. F. M., ca. 1180-1245, Buenaventura, santo, 1221-1274, Duns Scotus, Joannes, beato, ca. 1265-ca. 1308, Agustín, santo, ob. de Hipona, 354-430
Formato: Libro
Lenguaje:Latin
Publicado: in Conventum Leodiensi, & Namurcensi : typis eiusdem provinciae, 1646-1652.
Materias:
Colección:Banco de datos
Acervo:Seminario Conciliar de Nuestra Señora de Guadalupe Querétaro. Qro.. Biblioteca Florencio Rosas. Fondo Reservado
Descripción Física:2 t. ; f°
Tema general:Teología dogmática
Notas:Portada tipográfica con grabado central y pleca xilográficos. Texto a dos columnas con numeración por columnas en números arábigos, cornisas, signaturas y reclamos. Cada tomo con portada y paginación propias. Los t. 1-2 publicados en 1652. Paginación: t. 1 [12] h., 676, 532 col., [1] h., 80 col., [3] h., 16 col.; t. 2 [6] h., 618, 1002 col., [1] h. Incluye cabeceras de título y letras capitulares con motivos florales en grabado xilográfico. Encuadernación en pergamino sobre cartón (335). Encuadernación en pergamino (336). Marca de fuego: Convento Grande de San Francisco de Querétaro, Querétaro (335-336). Ex libris manuscrito en la hoja con signatura *2: "del usso del R. Pe. Fr. Alonso Guerrero" (336). Anotación manuscrita en la portada: "Hauzeur" (335). Anotación manuscrita en el verso de la portada: "Los indices estan circa finem a col. 34 Conciliationum. Y en la foja decima contanto desde esta" (335). Sello en tinta del Seminario Conciliar de Querétaro (335-336). Sello en tinta de la Biblioteca del Colegio Seminario, Querétaro (336). Sello en tinta de la Biblioteca del Seminario, Querétaro (336). Daños de humedad (335-336). Daños en la encuadernación, lomo, tapa superior y hojas desprendidos (335-336)
LEADER 02553nam a22002530004500
035 |a 366 
041 0 |a lat 
100 1 |a Hauzeur, Matthias, O. F. M., 1589-1627 
245 1 0 |a Collatio totius theologiae inter maiores nostros, F. Alexandrum Alensem patriarcham theologorum, doctorem irrefragabilem, sanctum Bonaventuram doctorem seraphicum, F. Joannem Duns-Scotum doctorem subtilem. Ad mentem S. Augustini: sub magisterio Christi; interiore, per gratiam, exteriore, per ecclesiam / per F. Matthiam Hauzer, theologum franciscanum, provinciae Flandriae FF. Min. Recollectorum 
260 |a in Conventum Leodiensi, & Namurcensi : typis eiusdem provinciae, 1646-1652. 
300 |a 2 t. ; f° 
500 |a Portada tipográfica con grabado central y pleca xilográficos. Texto a dos columnas con numeración por columnas en números arábigos, cornisas, signaturas y reclamos. Cada tomo con portada y paginación propias. Los t. 1-2 publicados en 1652. Paginación: t. 1 [12] h., 676, 532 col., [1] h., 80 col., [3] h., 16 col.; t. 2 [6] h., 618, 1002 col., [1] h. Incluye cabeceras de título y letras capitulares con motivos florales en grabado xilográfico. Encuadernación en pergamino sobre cartón (335). Encuadernación en pergamino (336). Marca de fuego: Convento Grande de San Francisco de Querétaro, Querétaro (335-336). Ex libris manuscrito en la hoja con signatura *2: "del usso del R. Pe. Fr. Alonso Guerrero" (336). Anotación manuscrita en la portada: "Hauzeur" (335). Anotación manuscrita en el verso de la portada: "Los indices estan circa finem a col. 34 Conciliationum. Y en la foja decima contanto desde esta" (335). Sello en tinta del Seminario Conciliar de Querétaro (335-336). Sello en tinta de la Biblioteca del Colegio Seminario, Querétaro (336). Sello en tinta de la Biblioteca del Seminario, Querétaro (336). Daños de humedad (335-336). Daños en la encuadernación, lomo, tapa superior y hojas desprendidos (335-336) 
501 |a 3 obras (335-A) 
504 |a Al principio de cada tomo está el índice de contenido 
610 1 4 |a Jesuitas 
650 1 0 |a Teología dogmática 
700 1 |a Alexander of Hales, O. F. M., ca. 1180-1245 
700 1 |a Buenaventura, santo, 1221-1274 
700 1 |a Duns Scotus, Joannes, beato, ca. 1265-ca. 1308 
700 1 |a Agustín, santo, ob. de Hipona, 354-430  
949 |a Fondo Reservado: t. 1 (335-A); t. 2 (336) 
942 |c QUER-RES 
943 |g Seminario Conciliar de Nuestra Señora de Guadalupe Querétaro. Qro.. Biblioteca Florencio Rosas. Fondo Reservado 
999 |c 1108030  |d 1108030